| 000 | 00587na a2200205 4500 | ||
|---|---|---|---|
| 001 | 17142 | ||
| 003 | MIRAKIL | ||
| 005 | 20181213154854.0 | ||
| 008 | 161022b tu 000 0 | ||
| 040 |
_aMilas _btur _cTR-AnCHP |
||
| 041 | _atur | ||
| 082 |
_a923.7 _bK47b 2012 |
||
| 090 | _a923.7 K47b 2012 | ||
| 100 | _aKışlalı, Ahmet Taner | ||
| 245 |
_aBir düşün insanı _cAhmet Taner Kışlalı |
||
| 260 |
_aAnkara _bODTÜ Atatürkçü Düşünce Topluluğu _c2012 |
||
| 300 |
_a104 s. _bfotg. _c14x20 sm. |
||
| 600 |
_aKışlalı, Ahmet Taner _xAnma kitabı |
||
| 942 |
_2ddc _cBKS |
||
| 999 |
_c2343 _d2343 |
||